Guess The KDrama Quiz Stats

 Plays Quiz not verified by Sporcle

Challenge
Share
Tweet
Score 0/35 Timer 15:00
1 Play Today
% Correct
Goblin
94.4%
Descendants Of The Sun
84.6%
W
81.5%
The Heirs
81.5%
Strong Woman Do Bong Soon
77.6%
Weightlifting Fairy Kim Bok Joo
77.5%
Cheese In The Trap
77%
Hwarang
75.5%
Scarlet Heart Ryeo
71.5%
Boys Over Flowers
71%
The K2
70.2%
Legend Of The Blue Sea
64.9%
Uncontrollably Fond
64.4%
Healer
60.5%
Who Are You School 2015
59.3%
She Was Pretty
58.3%
Blood
57.8%
Cinderella And The Four Knights
57.1%
% Correct
My Secret Romance
54.9%
Moonlight Drawn By Clouds
54.5%
Oh My Venus
54%
To The Beautiful You
53.9%
Playful Kiss
53.3%
Kill Me Heal Me
53.1%
Reply 1988
51.9%
Let's Fight Ghost
51.2%
Full House
50.9%
The Liar And His Lover
47.5%
Doctors
43.3%
Jealousy Incarnate
40.1%
Moorim School
36.8%
Shopping King Louie
36%
Goong
31.6%
You Who Came From The Stars
24.6%
Pinocchio
23.3%

You're not logged in!

Compare scores with friends on all Sporcle quizzes.
Join for Free
OR
Log In

You Might Also Like...

Show Comments

Extras

Top Quizzes Today


Score Distribution

Your Account Isn't Verified!

In order to create a playlist on Sporcle, you need to verify the email address you used during registration. Go to your Sporcle Settings to finish the process.

Report this User

Report this user for behavior that violates our Community Guidelines.

Details: